Street lights of life / (Record no. 40320)

MARC details
000 -LEADER
fixed length control field 00632nam a22001937a 4500
005 - DATE AND TIME OF LATEST TRANSACTION
control field 2010080903303.0
010 ## - LCCN (DPL NO)
LC control number ENG-99134
020 ## - INTERNATIONAL STANDARD BOOK NUMBER
International Standard Book Number 818150075-X
Terms of availability 95.00
035 ## - SYSTEM CONTROL NUMBER
System control number EN-82666
037 ## - SOURCE OF ACQUISITION
Source of stock number/acquisition DBAD/PUB
082 ## - DEWEY DECIMAL CLASSIFICATION NUMBER
Classification number 881
100 ## - MAIN ENTRY--PERSONAL NAME
Personal name Bagai,S N
245 ## - TITLE STATEMENT
Title Street lights of life /
Statement of responsibility, etc by S N Bagai
260 ## - PUBLICATION, DISTRIBUTION, ETC. (IMPRINT)
Place of publication, distribution, etc New Delhi
Name of publisher, distributor, etc Aravali Books international
Date of publication, distribution, etc 2007
270 ## - ADDRESS
Address W-30 Okhla Industrial Area Phase II
City New Delhi
Postal code 110020
300 ## - PHYSICAL DESCRIPTION
Extent 98p
Dimensions 19cm(pbk)
942 ## - ADDED ENTRY ELEMENTS (KOHA)
Source of classification or shelving scheme Dewey Decimal Classification
Item type English Books
Classification part 881p
Call number suffix BAG
Holdings
Withdrawn status Lost status Not for loan Collection code Home library Current library Date acquired Source of acquisition Cost, normal purchase price Full call number Barcode Copy number Cost, replacement price Koha item type
    Not For Loan Non-fiction D.B.Act.Division D.B.Act.Division 09/08/2010 DBAD/PUB 95.00 881p BAG EN-82666 1 95.00 English Books

© Delhi Public Library
Hit Counter
free hit counter